00348nam a2200133 4500020001800000082001400018100002100032245005900053260003200112300001000144650002000154650002500174650001500199 a9789370988804 aM3bRAM/K aRamakrishnan T D aKorappappanu sthuthiyayirikkatte/cby Ramakrishnan T D aKottayam:bDC books,c2026. a422p. aNovel Malayalam aLiterature Malayalam aLiterature